[Event "Lliga Catalana DH Final B"]
[Site "?"]
[Date "2015.03.14"]
[Round "8.9"]
[White "Serrano Aspa, X."]
[Black "Comallonga Fernandez, J."]
[Result "1/2-1/2"]
[WhiteElo "2262"]
[BlackElo "2166"]
[PlyCount "141"]
[EventDate "2015.??.??"]
[EventType "team"]

1. b3 e5 2. Bb2 Nc6 3. e3 Nf6 4. Bb5 d6 5. Nf3 Bd7 6. d4 e4 7. Nfd2 a6 8. Bxc6
bxc6 9. c4 d5 10. Qc1 Bd6 11. Ba3 Bxa3 12. Qxa3 Qe7 13. Qxe7+ Kxe7 14. Nc3 Be6
15. O-O Nd7 16. Rfc1 Rhc8 17. Na4 Ra7 18. cxd5 cxd5 19. Nc5 Rb8 20. Rc2 Nxc5
21. Rxc5 Kd7 22. Rac1 Rb5 23. Nb1 Rab7 24. Na3 Rxc5 25. Rxc5 Rb6 26. Kf1 Rc6
27. b4 Rb6 28. Nc2 Kd6 29. Ke2 Bd7 30. a3 Bb5+ 31. Kd2 Rb7 32. Na1 f5 33. Nb3
g5 34. Nc1 h5 35. Na2 h4 36. Nc3 Bc4 37. Ke1 c6 38. Na4 f4 39. Nb2 Bb3 40. Ke2
fxe3 41. fxe3 g4 42. Ra5 g3 43. hxg3 hxg3 44. Rxa6 Rf7 45. Kd2 Rf2+ 46. Kc3
Rxg2 47. b5 Rc2+ 48. Kxb3 g2 49. Kxc2 g1=Q 50. Rxc6+ Kd7 51. Rc3 Qe1 52. Kb3
Qe2 53. a4 Qf1 54. Kb4 Qe1 55. Kb3 Qf1 56. Rc5 Qe2 57. Rxd5+ Kc7 58. Rc5+ Kb7
59. Rc3 Qf1 60. Nc4 Qb1+ 61. Ka3 Kb8 62. a5 Qe1 63. Kb4 Ka7 64. Nd6 Qb1+ 65.
Kc5 Qa1 66. Kb4 Qb2+ 67. Rb3 Qd2+ 68. Rc3 Qb2+ 69. Rb3 Qd2+ 70. Kc4 Qe2+ 71.
Kb4 1/2-1/2

[Event "Lliga Catalana DH Final B"]
[Site "?"]
[Date "2015.03.14"]
[Round "8.10"]
[White "Jimenez Ruano, A."]
[Black "Saez Coma, A."]
[Result "1-0"]
[WhiteElo "2128"]
[BlackElo "2196"]
[PlyCount "201"]
[EventDate "2015.??.??"]
[EventType "team"]

1. d4 Nf6 2. c4 c5 3. d5 Ne4 4. Qc2 Qa5+ 5. Nd2 Nd6 6. e4 g6 7. Ne2 Bg7 8. Ng3
O-O 9. Bd3 Na6 10. a3 b5 11. cxb5 Nxb5 12. O-O Nd4 13. Qd1 d6 14. Nc4 Qd8 15.
Bd2 Rb8 16. Bc3 Nc7 17. a4 Na6 18. Ne2 Nb4 19. Nxd4 cxd4 20. Bxb4 Rxb4 21. Qd2
a5 22. Na3 Qb6 23. Nb5 Bd7 24. Rfc1 h5 25. Qg5 Rxa4 26. Rxa4 Bxb5 27. Bxb5 Qxb5
28. Ra2 Qe2 29. Raa1 d3 30. Re1 Qxb2 31. Rab1 Qa2 32. Rbd1 Bc3 33. Rf1 Qe2 34.
Qc1 Bb4 35. Qc4 f5 36. exf5 Rxf5 37. Qxd3 Qxd3 38. Rxd3 Bc5 39. Rd2 a4 40. Ra1
a3 41. Raa2 Rf4 42. Kf1 Kf7 43. f3 Rc4 44. Ke2 Kf6 45. Kd3 Rc1 46. Re2 Rd1+ 47.
Red2 Rh1 48. h3 e5 49. Ke4 Re1+ 50. Re2 Rxe2+ 51. Rxe2 Bd4 52. Kd3 Kf5 53. Kc4
Kf4 54. Kb3 Be3 55. Kxa3 e4 56. fxe4 Kxe4 57. Kb3 Kd4 58. Kc2 Bf4 59. Re8 h4
60. Re7 g5 61. Re8 Kxd5 62. Kd3 Kc6 63. Re2 d5 64. Kd4 Kd6 65. Re8 Kd7 66. Ra8
Ke6 67. Ra6+ Kf5 68. Rh6 g4 69. Rxh4 gxh3 70. Rxh3 Kg4 71. Kxd5 Bc1 72. Rd3 Bb2
73. Kc4 Ba1 74. Kb3 Be5 75. Kc2 Ba1 76. Kd2 Be5 77. Ke2 Ba1 78. Ra3 Bb2 79. Rb3
Ba1 80. Kf1 Be5 81. Kg1 Bd4+ 82. Kh2 Be5+ 83. g3 Ba1 84. Rb4+ Kg5 85. Kh3 Bc3
86. Rb5+ Kg6 87. Kg4 Bd4 88. Ra5 Bc3 89. Ra6+ Kg7 90. Rd6 Be5 91. Re6 Ba1 92.
Kf5 Bb2 93. g4 Bc3 94. g5 Bb4 95. Rb6 Bc3 96. Rb7+ Kh8 97. Kg6 Bg7 98. Ra7 Bf8
99. Ra8 Kg8 100. Rxf8+ Kxf8 101. Kh7 1-0

[Event "Lliga Catalana DH Final B"]
[Site "?"]
[Date "2015.03.14"]
[Round "8.1"]
[White "Dvirnyy, D."]
[Black "Bachmann Schiavo, A."]
[Result "1/2-1/2"]
[WhiteElo "2582"]
[BlackElo "2645"]
[PlyCount "96"]
[EventDate "2015.??.??"]
[EventType "team"]

1. e4 g6 2. d4 Bg7 3. Nc3 d6 4. Be3 a6 5. Qd2 Nd7 6. h4 Ngf6 7. f3 h5 8. O-O-O
b5 9. Nh3 Nb6 10. Ng5 e6 11. Bd3 Qe7 12. Kb1 Nfd7 13. f4 b4 14. Ne2 c5 15. dxc5
dxc5 16. e5 Bb7 17. Be4 Nd5 18. c4 bxc3 19. Nxc3 N7b6 20. Qd3 Bh6 21. Nxd5 Nxd5
22. Bxd5 exd5 23. Nf3 d4 24. Bd2 Bc8 25. Ka1 O-O 26. Qa3 Bg4 27. f5 Bxd2 28.
Rxd2 Bxf5 29. Rxd4 Rfd8 30. Rc1 Rxd4 31. Nxd4 Qxe5 32. Nxf5 Qxf5 33. Qxc5 Qe4
34. g3 Re8 35. a3 Qf3 36. Rc3 Re1+ 37. Ka2 Qf1 38. Qd5 Rd1 39. Qe4 Ra1+ 40. Kb3
Qb5+ 41. Qb4 Qd5+ 42. Qc4 Qb7+ 43. Qb4 Qd5+ 44. Qc4 Qd1+ 45. Kb4 Qd2 46. Kb3
Qd1+ 47. Kb4 Qd2 48. Kb3 Qd1+ 1/2-1/2

[Event "Lliga Catalana DH Final B"]
[Site "?"]
[Date "2015.03.14"]
[Round "8.2"]
[White "Valdes Romero, L."]
[Black "Rodriguez Cespedes, A."]
[Result "0-1"]
[WhiteElo "2472"]
[BlackElo "2463"]
[PlyCount "89"]
[EventDate "2015.??.??"]
[EventType "team"]

1. Nf3 Nf6 2. g3 b6 3. Bg2 Bb7 4. O-O e6 5. c4 Be7 6. b3 O-O 7. Bb2 d5 8. e3 c5
9. Nc3 Nbd7 10. Qe2 Rc8 11. Rfd1 Qc7 12. Rac1 Qb8 13. d4 cxd4 14. exd4 Rfd8 15.
Ne5 dxc4 16. Bxb7 Qxb7 17. bxc4 Nxe5 18. dxe5 Nd7 19. Nb5 Nc5 20. Ba3 h6 21. h4
Bf8 22. Qe3 Rd7 23. Rd4 Rcd8 24. Rcd1 Rxd4 25. Rxd4 Rxd4 26. Nxd4 Qe4 27. Qxe4
Nxe4 28. Bxf8 Kxf8 29. Nb3 Ke7 30. Kg2 Kd7 31. Kf3 Nc3 32. a3 Kc6 33. Ke3 Nd1+
34. Ke2 Nb2 35. Nd2 Kc5 36. Ne4+ Kd4 37. Nd6 Nxc4 38. a4 Nxe5 39. Nb5+ Kc5 40.
Nxa7 Nc4 41. Nb5 Nb2 42. Nc3 f5 43. Ke3 Kc4 44. Nb5 Nxa4 45. Nc7 0-1

[Event "Lliga Catalana DH Final B"]
[Site "?"]
[Date "2015.03.14"]
[Round "8.3"]
[White "Alarcon Casellas, R."]
[Black "Garriga Cazorla, P."]
[Result "1-0"]
[WhiteElo "2503"]
[BlackElo "2416"]
[PlyCount "75"]
[EventDate "2015.??.??"]
[EventType "team"]

1. d4 Nf6 2. Nc3 c5 3. Bg5 Qa5 4. Bxf6 gxf6 5. d5 f5 6. e3 Bg7 7. Nge2 d6 8.
Qd2 Nd7 9. Nf4 Bxc3 10. bxc3 Nf6 11. f3 Bd7 12. c4 Qxd2+ 13. Kxd2 Rg8 14. a4
O-O-O 15. a5 Kc7 16. g3 e6 17. Bd3 Rde8 18. e4 e5 19. Ne2 h5 20. Raf1 h4 21.
exf5 e4 22. fxe4 Nxe4+ 23. Kc1 hxg3 24. hxg3 Nxg3 25. Nxg3 Rxg3 26. Rh7 Rf8 27.
Re1 Kd8 28. Rh6 f6 29. Rh7 Re8 30. Rxe8+ Kxe8 31. Rh8+ Ke7 32. Rb8 b6 33. a6
Rg1+ 34. Kb2 Rg7 35. Ra8 Rf7 36. Rxa7 Rf8 37. Rb7 Ra8 38. a7 1-0

[Event "Lliga Catalana DH Final B"]
[Site "?"]
[Date "2015.03.14"]
[Round "8.4"]
[White "Fernandez Diaz, C."]
[Black "Vidarte Morales, A."]
[Result "0-1"]
[WhiteElo "2336"]
[BlackElo "2444"]
[PlyCount "88"]
[EventDate "2015.??.??"]
[EventType "team"]

1. d4 d5 2. c4 e6 3. Nc3 Be7 4. Nf3 Nf6 5. Bf4 O-O 6. e3 c5 7. dxc5 Bxc5 8. Qc2
Nc6 9. a3 Be7 10. O-O-O a6 11. g4 Qa5 12. g5 Ne4 13. Nxe4 dxe4 14. Nd4 Nxd4 15.
exd4 Bxg5 16. Qxe4 Bxf4+ 17. Qxf4 Bd7 18. Rg1 g6 19. Kb1 Rac8 20. Bd3 Ba4 21.
Rde1 Bb3 22. Qh6 Qc7 23. Re5 Bxc4 24. Bxc4 Qxc4 25. Rh5 Qd3+ 26. Ka1 Rfd8 27.
d5 Qf3 28. d6 Qxh5 29. Qxh5 Rc1+ 30. Ka2 Rxg1 31. Qf3 Rxd6 32. Qxb7 Rgd1 33. b4
Kg7 34. Kb3 R1d3+ 35. Ka4 h5 36. Qe4 R6d5 37. Qe2 h4 38. Qb2+ Kg8 39. Qf6 R3d4
40. Qf3 a5 41. Qc3 axb4 42. axb4 Rf4 43. Kb3 Rxf2 44. Ka4 Rff5 0-1

[Event "Lliga Catalana DH Final B"]
[Site "?"]
[Date "2015.03.14"]
[Round "8.5"]
[White "Vehi Bach, VM."]
[Black "Amores Gago, J."]
[Result "1/2-1/2"]
[WhiteElo "2414"]
[BlackElo "2294"]
[PlyCount "90"]
[EventDate "2015.??.??"]
[EventType "team"]

1. e4 d6 2. d4 Nf6 3. Nc3 Nbd7 4. Nf3 e5 5. Bc4 Be7 6. O-O O-O 7. Re1 c6 8. a4
a5 9. h3 exd4 10. Qxd4 Nc5 11. Bf4 Be6 12. Rad1 Qb6 13. Bxe6 fxe6 14. Bxd6 Bxd6
15. Qxd6 Rad8 16. Qe5 Nfd7 17. Qd4 Qxb2 18. Qe3 Qb4 19. Rd4 Qb6 20. Red1 Qc7
21. e5 b6 22. Qd2 h6 23. Rd6 Kh7 24. Qd4 Rf7 25. Qh4 Kg8 26. Rxc6 Qxc6 27.
Qxd8+ Rf8 28. Qe7 Rxf3 29. gxf3 Nxe5 30. Rd8+ Kh7 31. Nd5 Nxf3+ 32. Kg2 Nd4 33.
Rd6 Qa8 34. Rd8 Qc6 35. Rd6 Qxa4 36. Nf6+ Kg6 37. Ne8 Nf5 38. Rxe6+ Nxe6 39.
Qxe6+ Kg5 40. c4 Qb3 41. Qe4 Nh4+ 42. Kh2 Nf3+ 43. Kg2 Nh4+ 44. Kh2 Nf3+ 45.
Kg2 Nh4+ 1/2-1/2

[Event "Lliga Catalana DH Final B"]
[Site "?"]
[Date "2015.03.14"]
[Round "8.6"]
[White "Montilla Carrillo, E."]
[Black "Gonzalez Rodriguez, RO."]
[Result "0-1"]
[WhiteElo "2295"]
[BlackElo "2320"]
[PlyCount "84"]
[EventDate "2015.??.??"]
[EventType "team"]

1. Nf3 d6 2. d4 Bg4 3. e4 Nd7 4. Bc4 e6 5. h3 Bh5 6. Nc3 Be7 7. Qe2 a6 8. a4 c6
9. a5 Ngf6 10. Bd3 d5 11. exd5 cxd5 12. O-O O-O 13. Bd2 Bb4 14. Nb1 Bd6 15. g4
Bg6 16. Bxg6 hxg6 17. Bg5 Qc7 18. Bxf6 gxf6 19. c3 Rfe8 20. Nbd2 e5 21. Rfe1
Re7 22. Qd1 Rae8 23. Nf1 e4 24. Nh4 Qc6 25. Qb3 Bb8 26. Ng2 Nf8 27. Nge3 Rd7
28. Qa4 Qd6 29. Ng3 Ne6 30. h4 Nf4 31. Nef1 Rde7 32. Re3 Kg7 33. f3 exf3 34.
Qxe8 Rxe8 35. Rxe8 Nh3+ 36. Kh2 Nf2 37. h5 Nxg4+ 38. Kg1 Qf4 39. Rd1 Bd6 40.
Rd3 f5 41. b4 Nf6 42. Ree3 Qg5 0-1

[Event "Lliga Catalana DH Final B"]
[Site "?"]
[Date "2015.03.14"]
[Round "8.7"]
[White "Fernandez Cazorla, A."]
[Black "Morros Faura, R."]
[Result "1/2-1/2"]
[WhiteElo "2322"]
[BlackElo "2289"]
[PlyCount "90"]
[EventDate "2015.??.??"]
[EventType "team"]

1. e4 c5 2. Nf3 d6 3. d4 cxd4 4. Nxd4 Nf6 5. Nc3 g6 6. Be3 Bg7 7. f3 O-O 8. Qd2
Nc6 9. O-O-O d5 10. exd5 Nxd5 11. Nxc6 bxc6 12. Bd4 e5 13. Bc5 Be6 14. Ne4 Re8
15. Bc4 h6 16. g4 Qc7 17. h4 Red8 18. Qf2 Nf4 19. Bxe6 Nxe6 20. Rxd8+ Rxd8 21.
Bxa7 Ra8 22. Bb6 Qb7 23. Nd6 Qe7 24. Rd1 Nd4 25. Ne4 Rxa2 26. Kb1 Ra6 27. Bc5
Qd8 28. c3 Qa8 29. Ba3 Nb5 30. Qd2 Nxa3+ 31. bxa3 Rxa3 32. Qd8+ Kh7 33. Qxa8
Rxa8 34. Rd7 Kg8 35. Rc7 f5 36. gxf5 gxf5 37. Nd6 Rf8 38. Rxc6 Rf6 39. Rc8+ Bf8
40. Nc4 e4 41. fxe4 fxe4 42. Re8 Rf4 43. Nd2 Rxh4 44. Rxe4 Rxe4 45. Nxe4 Kf7
1/2-1/2

[Event "Lliga Catalana DH Final B"]
[Site "?"]
[Date "2015.03.14"]
[Round "8.8"]
[White "Bals Hernandez, J."]
[Black "Asensio Liñan, T."]
[Result "0-1"]
[WhiteElo "2264"]
[BlackElo "2254"]
[PlyCount "113"]
[EventDate "2015.??.??"]
[EventType "team"]

1. d4 g6 2. c4 Bg7 3. Nf3 Nf6 4. Nc3 O-O 5. e4 d6 6. Be2 Nbd7 7. O-O e5 8. Be3
exd4 9. Nxd4 Re8 10. f3 c6 11. Qd2 Ne5 12. Rfd1 a6 13. a4 a5 14. b3 Qe7 15. g4
h5 16. Bg5 Qf8 17. h3 Nh7 18. Bf4 Qe7 19. Kf2 Qf6 20. Kg2 Nd3 21. Bxd3 Qxd4 22.
Rac1 hxg4 23. hxg4 Be6 24. Be3 Qf6 25. Be2 Rad8 26. Bb6 Rd7 27. Bxa5 Qe5 28.
Bb6 c5 29. f4 Qf6 30. Nb5 Qh4 31. Rh1 Qe7 32. Bf3 f5 33. exf5 gxf5 34. Rce1
fxg4 35. Bxg4 Qf6 36. Rxe6 Rxe6 37. Qd5 Qb2+ 38. Kg3 Qxb3+ 39. Kh4 Bf6+ 40. Kh5
Rde7 41. Bxe6+ Kf8 42. Bd8 Rxe6 43. Qxe6 Qf3+ 44. Kg6 Qg2+ 45. Kf5 Qxh1 46.
Qxd6+ Kf7 47. Qd7+ Kf8 48. Qd6+ Kf7 49. Qc7+ Kg8 50. Bxf6 Qh3+ 51. Ke5 Qe3+ 52.
Kd6 Nxf6 53. Qc8+ Kf7 54. Qxb7+ Kg6 55. Qc6 Kf7 56. Qc7+ Kg6 57. Qxc5 0-1

[Event "Lliga Catalana DH Final B"]
[Site "?"]
[Date "2015.03.14"]
[Round "8.9"]
[White "Oset Teixidor, G."]
[Black "Garcia Marin, G."]
[Result "1-0"]
[WhiteElo "2143"]
[BlackElo "2215"]
[PlyCount "51"]
[EventDate "2015.??.??"]
[EventType "team"]

1. d4 g6 2. Nf3 Bg7 3. Bf4 d6 4. e3 Nd7 5. Bc4 Nh6 6. O-O O-O 7. h3 e5 8. Bg5
Qe8 9. Nc3 c6 10. dxe5 d5 11. Bxd5 Nxe5 12. Bb3 Kh8 13. Nxe5 Qxe5 14. Bf4 Qa5
15. Qf3 Nf5 16. Rad1 Nh4 17. Qe2 b6 18. Bd6 Rd8 19. Be7 Ba6 20. Rxd8+ Rxd8 21.
Qg4 Re8 22. Qxh4 Bxf1 23. Bxf7 g5 24. Bxg5 Re5 25. Bf4 Rd5 26. Bxd5 1-0

[Event "Lliga Catalana DH Final B"]
[Site "?"]
[Date "2015.03.14"]
[Round "8.10"]
[White "Romero Perera, E."]
[Black "De la Fuente Clemente, C."]
[Result "1-0"]
[WhiteElo "2164"]
[BlackElo "1998"]
[PlyCount "135"]
[EventDate "2015.??.??"]
[EventType "team"]

1. d4 Nf6 2. c4 g6 3. f3 d5 4. cxd5 Nxd5 5. e4 Nf6 6. Nc3 Bg7 7. Be3 O-O 8. Qd2
Re8 9. Bc4 e6 10. Nge2 Nbd7 11. O-O Nb6 12. Bb3 c6 13. Rad1 a5 14. a4 Nbd7 15.
Ba2 Qc7 16. Ng3 b6 17. Bh6 Bh8 18. e5 Nd5 19. Nge4 Ba6 20. Rfe1 Nxc3 21. bxc3
c5 22. Nd6 Red8 23. Qf4 Nf6 24. Bg5 Nh5 25. Bxd8 Rxd8 26. Qe3 cxd4 27. cxd4 Bb7
28. Rc1 Qd7 29. Bc4 Bc6 30. Bb5 Bxb5 31. Nxb5 Ng7 32. Rc7 Qd5 33. Rec1 Nf5 34.
Qf4 Bg7 35. g4 Bh6 36. g5 Bf8 37. R7c4 h6 38. h4 Be7 39. Kg2 Kh7 40. Kh3 hxg5
41. hxg5 Rh8 42. Qe4 Kg7+ 43. Kg2 Qxe4 44. fxe4 Ne3+ 45. Kg3 Nxc4 46. Rxc4 Bxg5
47. d5 exd5 48. exd5 Re8 49. Re4 Bd8 50. Kf4 Rh8 51. Ke3 Rh1 52. Kd3 Rd1+ 53.
Kc4 Rc1+ 54. Kb3 Rb1+ 55. Ka3 g5 56. d6 Kg6 57. Re2 Kf5 58. Nd4+ Kf4 59. Nc6
Kf3 60. Rc2 g4 61. Nxd8 Re1 62. Nxf7 Re3+ 63. Kb2 g3 64. d7 Re2 65. Ng5+ Ke3
66. Rxe2+ Kxe2 67. d8=Q g2 68. Nh3 1-0

[Event "Lliga Catalana DH Final B"]
[Site "?"]
[Date "2015.03.21"]
[Round "9.1"]
[White "Vocaturo, D."]
[Black "Herraiz Hidalgo, H."]
[Result "1-0"]
[WhiteElo "2585"]
[BlackElo "2473"]
[PlyCount "75"]
[EventDate "2015.??.??"]
[EventType "team"]

1. e4 c5 2. Nf3 Nc6 3. d4 cxd4 4. Nxd4 g6 5. c4 Bg7 6. Be3 Nf6 7. Nc3 O-O 8.
Be2 d6 9. O-O Bd7 10. h3 Nxd4 11. Bxd4 Bc6 12. Qc2 a5 13. Rad1 Nd7 14. Bxg7
Kxg7 15. Bg4 Ne5 16. c5 a4 17. Be2 Qa5 18. cxd6 exd6 19. Rxd6 a3 20. Rfd1 Qc5
21. R6d4 axb2 22. Qxb2 f6 23. a4 Rf7 24. Kh1 Rd7 25. Rxd7+ Nxd7 26. Bb5 Nb6 27.
Bxc6 bxc6 28. f4 Ra7 29. e5 f5 30. Qb3 Qe3 31. Qb4 g5 32. Qd6 Rf7 33. fxg5 Qxg5
34. Qxc6 Qe3 35. a5 Na8 36. e6 Rc7 37. Rd7+ Kg6 38. Qxa8 1-0

[Event "Lliga Catalana DH Final B"]
[Site "?"]
[Date "2015.03.21"]
[Round "9.2"]
[White "Amigo Vilalta, J."]
[Black "Valdes Romero, L."]
[Result "0-1"]
[WhiteElo "2341"]
[BlackElo "2472"]
[PlyCount "84"]
[EventDate "2015.??.??"]
[EventType "team"]

1. d4 Nf6 2. c4 g6 3. Nc3 Bg7 4. e4 d6 5. Nge2 O-O 6. Ng3 e5 7. d5 a5 8. Be2
Na6 9. h4 h5 10. Bg5 Qe8 11. Rb1 Nh7 12. Be3 Qe7 13. a3 Bd7 14. b4 axb4 15.
axb4 Rfb8 16. Nb5 c6 17. Nc3 c5 18. bxc5 Nxc5 19. Rb6 Bf8 20. Qb1 Be8 21. Bxc5
dxc5 22. Nf1 Ra7 23. Ne3 Qd8 24. g4 Rba8 25. Qb2 Ra1+ 26. Ned1 hxg4 27. Bxg4
Nf6 28. Be2 Nd7 29. Rxb7 Bh6 30. Bg4 Nf6 31. Qe2 R8a3 32. O-O Nh7 33. h5 Qh4
34. hxg6 Nf6 35. gxf7+ Bxf7 36. f3 Nxg4 37. fxg4 Rxd1 38. Rb8+ Kg7 39. Qxd1
Qg3+ 40. Kh1 Qh3+ 41. Kg1 Be3+ 42. Rf2 Rxc3 0-1

[Event "Lliga Catalana DH Final B"]
[Site "?"]
[Date "2015.03.21"]
[Round "9.3"]
[White "Garriga Cazorla, P."]
[Black "Canal Oliveras, J."]
[Result "1-0"]
[WhiteElo "2416"]
[BlackElo "2339"]
[PlyCount "125"]
[EventDate "2015.??.??"]
[EventType "team"]

1. Nf3 e6 2. g3 f5 3. Bg2 Nf6 4. c4 d5 5. O-O c6 6. d3 dxc4 7. dxc4 Qxd1 8.
Rxd1 Bc5 9. a3 a5 10. Nc3 Nbd7 11. e4 Ng4 12. Rf1 O-O 13. Bf4 e5 14. Bd2 f4 15.
Be1 fxg3 16. hxg3 Ndf6 17. Kh1 Be6 18. b3 Rad8 19. Na4 Ba7 20. Ng5 Bc8 21. f3
Ne3 22. Bxa5 Nxf1 23. Bxf1 Bd4 24. Rb1 Rde8 25. Bb4 h6 26. Nh3 Rf7 27. Kg2 Be6
28. Nc5 Bxc5 29. Bxc5 Nd7 30. Bd6 Bxh3+ 31. Kxh3 Rxf3 32. c5 Nf6 33. Bc4+ Kh7
34. Re1 Kg6 35. Kg2 Rc3 36. Rf1 Ra8 37. Bxe5 Rc2+ 38. Kh3 Rxa3 39. Bxf6 gxf6
40. e5 Kg5 41. Bd3 Rd2 42. Rf5+ Kg6 43. Rxf6+ Kg7 44. Bc4 Ra1 45. Kg4 Re1 46.
Rf7+ Kg6 47. Rf6+ Kg7 48. Rf5 Rd4+ 49. Kf3 Rde4 50. Rf7+ Kg6 51. e6 R1e3+ 52.
Kf2 Rxc4 53. Kxe3 Rxc5 54. Ke4 Rb5 55. Rf3 Rb4+ 56. Ke5 Rb5+ 57. Kd6 Rd5+ 58.
Ke7 c5 59. Ke8 Kg7 60. Rf7+ Kg8 61. Rxb7 Rd3 62. e7 Re3 63. Kd8 1-0

[Event "Lliga Catalana DH Final B"]
[Site "?"]
[Date "2015.03.21"]
[Round "9.4"]
[White "Dalo, H."]
[Black "Fernandez Diaz, C."]
[Result "1-0"]
[WhiteElo "2312"]
[BlackElo "2336"]
[PlyCount "57"]
[EventDate "2015.??.??"]
[EventType "team"]

1. d4 Nf6 2. c4 g6 3. Nc3 Bg7 4. e4 d6 5. Nf3 O-O 6. Be2 e5 7. O-O Nh5 8. Bg5
f6 9. Be3 Nf4 10. c5 Nxe2+ 11. Qxe2 exd4 12. Nxd4 dxc5 13. Qc4+ Rf7 14. Qxc5
Nd7 15. Ne6 Nxc5 16. Nxd8 Rf8 17. Bxc5 Rxd8 18. Nb5 Bd7 19. Nxc7 Rac8 20. Be7
Rxc7 21. Bxd8 Rc2 22. Ba5 f5 23. Bc3 Bxc3 24. bxc3 fxe4 25. Rfc1 Rb2 26. Rcb1
Rc2 27. Rxb7 Bc6 28. Rc7 Bd5 29. Rb1 1-0

[Event "Lliga Catalana DH Final B"]
[Site "?"]
[Date "2015.03.21"]
[Round "9.5"]
[White "Amores Gago, J."]
[Black "Vera Pons, F."]
[Result "1/2-1/2"]
[WhiteElo "2294"]
[BlackElo "2314"]
[PlyCount "60"]
[EventDate "2015.??.??"]
[EventType "team"]

1. e4 g6 2. Nc3 Bg7 3. g3 d6 4. Bg2 Nc6 5. f4 h5 6. h3 e5 7. d3 h4 8. g4 exf4
9. Bxf4 Be5 10. Qd2 Be6 11. Nf3 Bxf4 12. Qxf4 Qf6 13. Qe3 Nge7 14. g5 Qg7 15.
d4 d5 16. O-O-O O-O-O 17. e5 Nf5 18. Qf2 Qf8 19. a3 Qe7 20. Rhg1 a6 21. Bf1 Ng3
22. Kb1 Ne4 23. Qe3 Nxc3+ 24. Qxc3 Qd7 25. Nd2 Ne7 26. Nb3 Qc6 27. Qb4 Rde8 28.
Rd3 Qb6 29. Qd2 Nc6 30. Rc3 Nxe5 1/2-1/2

[Event "Lliga Catalana DH Final B"]
[Site "?"]
[Date "2015.03.21"]
[Round "9.6"]
[White "Martin Grillo, R."]
[Black "Montilla Carrillo, E."]
[Result "0-1"]
[WhiteElo "2303"]
[BlackElo "2295"]
[PlyCount "82"]
[EventDate "2015.??.??"]
[EventType "team"]

1. Nf3 c5 2. g3 Nc6 3. Bg2 g6 4. d4 cxd4 5. Nxd4 Bg7 6. Nb3 a5 7. a4 h5 8. h3
d6 9. Nc3 Be6 10. Nd5 Bxd5 11. Qxd5 Nf6 12. Qb5 Qc7 13. O-O O-O 14. c3 Rfc8 15.
Be3 Nd7 16. f4 e6 17. Bf2 Rab8 18. e4 b6 19. Rad1 Nc5 20. Nxc5 bxc5 21. Qe2 Bf8
22. g4 hxg4 23. hxg4 Rb6 24. Bh4 Rcb8 25. Rd2 Qb7 26. Rf2 Be7 27. Bxe7 Qxe7 28.
Qd1 g5 29. Rxd6 gxf4 30. Rd7 Qg5 31. Rc7 Ne5 32. Rxc5 Rd8 33. Qe2 f3 34. Bxf3
Rbd6 35. Rxe5 Qxe5 36. Kg2 Qf4 37. Qf1 Rd2 38. Be2 Qxe4+ 39. Bf3 Rxf2+ 40. Qxf2
Qf4 41. Qg3 Rd2+ 0-1

[Event "Lliga Catalana DH Final B"]
[Site "?"]
[Date "2015.03.21"]
[Round "9.7"]
[White "Morros Faura, R."]
[Black "Juan Bartroli, P."]
[Result "1-0"]
[WhiteElo "2289"]
[BlackElo "2288"]
[PlyCount "57"]
[EventDate "2015.??.??"]
[EventType "team"]

1. e4 c6 2. d4 d5 3. f3 dxe4 4. fxe4 e5 5. Nf3 Bg4 6. c3 Nd7 7. Bd3 Ngf6 8. O-O
Bd6 9. Nbd2 O-O 10. Nc4 Bc7 11. Bg5 Re8 12. Qc2 exd4 13. cxd4 h6 14. Bh4 Bxf3
15. Rxf3 g5 16. Bf2 Qe7 17. Re1 Qe6 18. e5 Nd5 19. Bf5 Qe7 20. h4 N7b6 21. Nd2
Nf4 22. hxg5 hxg5 23. Ne4 Nbd5 24. Nxg5 Qxg5 25. Rg3 Qxg3 26. Bxg3 Bb6 27. Re4
Ne6 28. Qd2 Kf8 29. Bh4 1-0

[Event "Lliga Catalana DH Final B"]
[Site "?"]
[Date "2015.03.21"]
[Round "9.8"]
[White "Saez Coma, A."]
[Black "Bals Hernandez, J."]
[Result "1/2-1/2"]
[WhiteElo "2192"]
[BlackElo "2264"]
[PlyCount "28"]
[EventDate "2015.??.??"]
[EventType "team"]

1. d4 Nf6 2. Nf3 g6 3. Bf4 Bg7 4. Nc3 d5 5. Qd2 O-O 6. Bh6 c5 7. Bxg7 Kxg7 8.
e3 Nc6 9. Bb5 Qb6 10. Bxc6 Qxc6 11. Ne5 Qc7 12. O-O Bf5 13. a4 cxd4 14. exd4
Rac8 1/2-1/2

[Event "Lliga Catalana DH Final B"]
[Site "?"]
[Date "2015.03.21"]
[Round "9.9"]
[White "Garcia Marin, G."]
[Black "Baeza Labat, J."]
[Result "1-0"]
[WhiteElo "2215"]
[BlackElo "2165"]
[PlyCount "31"]
[EventDate "2015.??.??"]
[EventType "team"]

1. d4 d5 2. Nf3 Nc6 3. c4 Bg4 4. Nc3 Nf6 5. Bg5 dxc4 6. d5 Bxf3 7. gxf3 Ne5 8.
Qd4 Ned7 9. e4 h6 10. Be3 Nb6 11. Bxc4 Nxc4 12. Qxc4 a6 13. e5 Nh5 14. O-O-O g6
15. e6 f5 16. Qa4+ 1-0

[Event "Lliga Catalana DH Final B"]
[Site "?"]
[Date "2015.03.21"]
[Round "9.10"]
[White "Vigo Allepuz, D."]
[Black "Romero Perera, E."]
[Result "1-0"]
[WhiteElo "2137"]
[BlackElo "2164"]
[PlyCount "85"]
[EventDate "2015.??.??"]
[EventType "team"]

1. d4 e6 2. c4 f5 3. Nf3 Nf6 4. g3 d5 5. Bg2 c6 6. O-O Bd6 7. b3 Qe7 8. Bb2 O-O
9. Qc1 Bd7 10. Ba3 Be8 11. Bxd6 Qxd6 12. Qb2 Nbd7 13. c5 Qe7 14. b4 Ne4 15. a4
Bh5 16. Na3 Rfb8 17. a5 b5 18. cxb6 axb6 19. axb6 Rxb6 20. Nc2 Rab8 21. Ra7 Qe8
22. Qa3 h6 23. Ra1 Qc8 24. Qe3 Bf7 25. Nfe1 e5 26. f3 exd4 27. Qxd4 Nef6 28.
Nd3 Qe8 29. e3 R6b7 30. R7a6 Rb6 31. R6a3 Qe7 32. Qf4 c5 33. Ra8 cxb4 34. Ndxb4
Qe5 35. Rxb8+ Rxb8 36. Nc6 Qxf4 37. exf4 Re8 38. N2d4 g6 39. Kf2 Kf8 40. Bf1
Rc8 41. Ra7 Be8 42. Ba6 Nb8 43. Ne6+ 1-0

[Event "Lliga Catalana DH Final A"]
[Site "?"]
[Date "2015.03.21"]
[Round "9.9"]
[White "Lopez Agustench, E."]
[Black "Mestre Bellido, H."]
[Result "1/2-1/2"]
[WhiteElo "2328"]
[BlackElo "2348"]
[PlyCount "36"]
[EventDate "2015.??.??"]
[EventType "team"]

1. d4 d5 2. Nf3 Nf6 3. c4 c6 4. e3 Bf5 5. Nc3 e6 6. Bd3 Bxd3 7. Qxd3 Nbd7 8.
O-O Be7 9. e4 dxe4 10. Nxe4 O-O 11. Bf4 Qa5 12. a3 Rfe8 13. Rfe1 Rad8 14. Nxf6+
Bxf6 15. Qc2 Nf8 16. b4 Qh5 17. Be5 Nd7 18. Bxf6 Nxf6 1/2-1/2

[Event "Lliga Catalana DH Final B"]
[Site "?"]
[Date "2015.03.21"]
[Round "9.1"]
[White "Beltran Rueda, S."]
[Black "Dvirnyy, D."]
[Result "0-1"]
[WhiteElo "2459"]
[BlackElo "2582"]
[PlyCount "86"]
[EventDate "2015.??.??"]
[EventType "team"]

1. Nf3 d5 2. g3 Bg4 3. Bg2 c6 4. O-O Nd7 5. d4 e6 6. Nbd2 Ngf6 7. Re1 Be7 8. c3
O-O 9. e4 Bh5 10. Qb3 Qb6 11. exd5 cxd5 12. Qxb6 Nxb6 13. a4 Rac8 14. Ne5 Rfd8
15. Bf1 Nbd7 16. Nd3 Bd6 17. Nb3 Rc7 18. Bf4 Bxf4 19. Nxf4 Bg6 20. f3 Bc2 21.
Nd2 h6 22. a5 Ne8 23. Rac1 Bf5 24. g4 Bh7 25. h4 Nd6 26. Kf2 Nb8 27. Ra1 Nc6
28. Nb3 Rdc8 29. Nc5 Nd8 30. g5 b6 31. Na6 Rd7 32. gxh6 gxh6 33. Nh5 Rb7 34.
Nb4 bxa5 35. Rxa5 Nc6 36. Ra6 Nxb4 37. Rxd6 Nd3+ 38. Bxd3 Bxd3 39. Ke3 Bg6 40.
Nf4 Bc2 41. Nd3 Bxd3 42. Kxd3 Rxb2 43. f4 Rf2 0-1

[Event "Lliga Catalana DH Final B"]
[Site "?"]
[Date "2015.03.21"]
[Round "9.2"]
[White "Rodriguez Cespedes, A."]
[Black "Fernandez Aguado, E."]
[Result "1-0"]
[WhiteElo "2463"]
[BlackElo "2388"]
[PlyCount "115"]
[EventDate "2015.??.??"]
[EventType "team"]

1. e4 e5 2. Nf3 Nc6 3. Bb5 a6 4. Ba4 d6 5. Bxc6+ bxc6 6. d4 f6 7. Nc3 Ne7 8.
Be3 Ng6 9. Qd3 a5 10. O-O-O Ba6 11. Qd2 Be7 12. h4 h5 13. Ne2 d5 14. dxe5 fxe5
15. Ng3 d4 16. Bg5 Bf6 17. Nf5 Kf7 18. g4 Bc8 19. gxh5 Rxh5 20. Rdg1 Qh8 21.
Ng3 Rh7 22. h5 Nf8 23. Nh4 Ne6 24. Bxf6 gxf6 25. Ng6 Qd8 26. Nf5 Nc5 27. Nh6+
Ke6 28. f3 Kd6 29. c3 Ne6 30. Nh4 c5 31. Rg8 Qd7 32. Ng4 Qf7 33. Rg6 Rxh5 34.
Rxf6 Qh7 35. Nf5+ Kc6 36. Rxh5 Qxh5 37. Rh6 Qe8 38. Nxe5+ Kb7 39. cxd4 Nxd4 40.
Nxd4 Qxe5 41. Nc6 Qg7 42. Nd8+ Kb8 43. Nc6+ Kb7 44. Rh1 a4 45. a3 Ra6 46. Na5+
Kb8 47. Nc4 Be6 48. Qc2 Qf7 49. Nd2 c4 50. Qc3 Rb6 51. Rh8+ Kb7 52. Qa5 Bc8 53.
Qc3 Be6 54. Kc2 Qf4 55. Qa5 Bc8 56. Qd5+ c6 57. Qd8 Ka7 58. Qd4 1-0